[Event "Lviv Tradition June 2018"]
[Site "Lviv"]
[Date "2018.06.16"]
[Round "8"]
[White "Anwesh, Upadhyaya"]
[Black "Ozenir, Ekin Baris"]
[Result "1/2-1/2"]
[WhiteElo "2375"]
[BlackElo "2320"]
[Annotator "NA"]
[PlyCount "103"]
[EventDate "2018.??.??"]
[EventType "schev"]
[EventCountry "UKR"]
[SourceTitle "playchess.com"]
[Source "ChessBase"]
[SourceQuality "1"]
[TimeControl "5400+30"]

{[%evp 17,68,15,-3,-17,-9,-13,-10,-18,-13,-39,-18,-26,-19,-35,-16,-37,-36,-51,-27,32767,-60,32767,-115,-133,-123,-135,-129,-134,-148,-148,-123,-147,-136,-178,-77,-84,-85,-109,-85,-79,-50,-67,-85,-96,-93,32767,32767,32767,32767,32767,-38,-106,-65]} 1. d4 {[%emt 0:01:46]} Nf6 {[%emt 0:00:20]} 2. c4 {[%emt 0:00:07]} e6 {[%emt 0:00:38]} 3. g3 {[%emt 0:00:05]} d5 {[%emt 0:01:04]} 4. Bg2 {[%emt 0:00:06]} Bb4+ {[%emt 0:01:11]} 5. Bd2 {[%emt 0:00:08]} Be7 {[%emt 0:00:19]} 6. Nf3 {[%emt 0:00:07]} O-O {[%emt 0:00:32]} 7. O-O {[%emt 0:00:05]} c6 {[%emt 0:00:42]} 8. Na3 {[%emt 0:00:52] E11: Bogo-Indian} b6 {[%emt 0:04:06]} 9. Rc1 {[%emt 0:02:26] LiveBook: 4 Games} Bb7 {[%emt 0:07:14]} 10. Qa4 $146 {[%emt 0:08:16]} ({Predecessor:} 10. Ne5 Nfd7 11. Nd3 a5 12. cxd5 exd5 13. e4 dxe4 14. Bxe4 Nf6 15. Bg2 Bxa3 16. bxa3 {1-0 (58) Martirosyan,H (2544)-Sevian,S (2633) Saint Louis 2017}) 10... Nbd7 {[%emt 0:09:06]} 11. cxd5 {[%emt 0:01:28]} exd5 {[%emt 0:11:09]} 12. Rfd1 {[%emt 0:06:59]} Re8 {[%emt 0:03:53]} 13. e3 {[%emt 0:01:57]} Ne4 {[%emt 0:04:27]} 14. Be1 {[%emt 0:02:38]} Bd6 {[%emt 0:05:21]} 15. Nb1 {[%emt 0:02:49]} Ndf6 {[%emt 0:07:00]} 16. Nc3 {[%emt 0:08:58]} Qe7 {[%emt 0:15:42]} 17. Ne2 {[%emt 0:05:33]} g5 {[%emt 0:07:37]} 18. Rc2 {[%emt 0:02:49]} a5 19. Nc1 {[%emt 0:03:09] [#]} b5 $1 {[%emt 0:06:11]} 20. Qb3 {[%emt 0:00:02]} a4 {[%emt 0:03:27]} 21. Qd3 {[%emt 0:00:08] [#]} b4 $1 22. Qf1 {[%emt 0:04:42] [#]} b3 $1 {[%emt 0:03:35]} 23. axb3 {[%emt 0:00:45]} axb3 {[%emt 0:00:05]} 24. Nxb3 {[%emt 0:00:45]} Ba6 {[%emt 0:00:33]} 25. Rd3 {[%emt 0:00:02]} Bxd3 {[%emt 0:02:50]} (25... g4 $142 26. Nfd2 Bb5) 26. Qxd3 {[%emt 0:00:03]} Qb7 {[%emt 0:00:52]} 27. Bf1 {[%emt 0:02:03]} Qb6 {[%emt 0:01:06]} 28. Nfd2 {[%emt 0:04:36]} Reb8 {[%emt 0:00:49]} 29. f3 {[%emt 0:03:34]} Nxd2 {[%emt 0:00:07]} 30. Nxd2 {[%emt 0:00:01]} h6 {[%emt 0:01:29]} 31. Qf5 {[%emt 0:01:28]} Kg7 {[%emt 0:01:15]} 32. Bf2 {[%emt 0:01:13]} Ra5 {[%emt 0:01:09]} 33. Bd3 {[%emt 0:01:50]} Qc7 {[%emt 0:01:13]} 34. f4 {[%emt 0:06:17]} Qc8 $15 {[%emt 0:01:11]} 35. Qxc8 {[%emt 0:06:15]} Rxc8 {[%emt 0:00:01]} 36. Nb3 {[%emt 0:00:07]} Raa8 {[%emt 0:00:48]} 37. Be1 {[%emt 0:00:12]} Rab8 {[%emt 0:00:44]} 38. Nc5 {[%emt 0:03:18]} Bxc5 {[%emt 0:00:58]} 39. dxc5 {[%emt 0:00:04]} Re8 {[%emt 0:00:42]} 40. fxg5 {[%emt 0:07:07]} hxg5 {[%emt 0:00:18]} 41. Bc3 {[%emt 0:00:06]} Rxe3 {[%emt 0:00:34]} 42. Bf5 {[%emt 0:00:02]} Rxc3 {[%emt 0:00:32]} 43. bxc3 {[%emt 0:01:00]} Rb5 {[%emt 0:00:06]} 44. c4 {[%emt 0:00:07]} Rxc5 {[%emt 0:00:04]} 45. cxd5 {[%emt 0:00:04]} Rxc2 {[%emt 0:00:59]} 46. Bxc2 {[%emt 0:00:01]} Nxd5 {[%emt 0:00:08]} 47. h4 {[%emt 0:00:27]} gxh4 {[%emt 0:00:40]} 48. gxh4 {[%emt 0:00:01]} Ne7 {[%emt 0:00:18]} 49. Kf2 {[%emt 0:01:49]} f5 {[%emt 0:00:31]} 50. Ke3 {[%emt 0:00:39]} Kf6 {[%emt 0:00:12]} 51. Kd4 {[%emt 0:00:07]} Ke6 {[%emt 0:00:59]} 52. h5 {[%emt 0:01:22] Ke5+ Kxe5} 1/2-1/2

[Event "Lviv Tradition June 2018"]
[Site "Lviv"]
[Date "2018.06.16"]
[Round "8"]
[White "Sabuk, Piotr"]
[Black "Can, Isik"]
[Result "1/2-1/2"]
[WhiteElo "2369"]
[BlackElo "2396"]
[Annotator "NA"]
[PlyCount "144"]
[EventDate "2018.??.??"]
[EventType "schev"]
[EventCountry "UKR"]
[SourceTitle "playchess.com"]
[Source "ChessBase"]
[SourceQuality "1"]
[TimeControl "5400+30"]

1. Nf3 {[%emt 0:00:00]} Nf6 {[%emt 0:00:05]} 2. c4 {[%emt 0:00:00]} b6 {[%emt 0:00:19]} 3. g3 {[%emt 0:00:30]} Bb7 {[%emt 0:00:05]} 4. Bg2 {[%emt 0:00:11]} e6 {[%emt 0:00:15]} 5. O-O {[%emt 0:00:45]} Be7 {[%emt 0:00:04]} 6. Nc3 {[%emt 0:01:21]} O-O {[%emt 0:00:12]} 7. Re1 {[%emt 0:00:50]} d5 {[%emt 0:01:39]} 8. cxd5 {[%emt 0:07:23]} exd5 {[%emt 0:00:01]} 9. d4 {[%emt 0:00:16]} Nbd7 {[%emt 0:00:06]} 10. Bf4 {[%emt 0:00:53]} Ne4 {[%emt 0:00:44]} 11. Qb3 {[%emt 0:09:19]} Ndf6 {[%emt 0:03:53]} 12. Rac1 {[%emt 0:12:06] LiveBook: 4 Games} c5 {[%emt 0:03:34]} 13. dxc5 {[%emt 0:00:56]} Bxc5 {[%emt 0:01:53]} 14. e3 {[%emt 0:02:15] E17: Queen's Indian: 4 g3 Bb7 5 Bg2 Be7} Nxc3 $146 {[%emt 0:12:20]} ({Predecessor:} 14... Qe7 15. h3 Rac8 16. a3 Rfe8 17. Nb5 a6 18. Nc3 b5 19. Be5 Nd7 20. Bd4 Nb6 21. Bxc5 Nxc5 {0-1 (45) Perez Candelario,M (2527)-Cori Tello,D (2409) Villafranca 2010}) 15. Rxc3 {[%emt 0:02:40]} Qe7 {[%emt 0:11:04]} 16. Rcc1 {[%emt 0:11:55]} Ne4 {[%emt 0:08:00]} 17. Be5 {[%emt 0:03:08]} Rfd8 {[%emt 0:10:04]} 18. Red1 {[%emt 0:09:22]} Rac8 {[%emt 0:00:59]} 19. h4 {[%emt 0:04:08]} Qe6 {[%emt 0:05:52]} 20. Qa4 {[%emt 0:09:42]} a5 {[%emt 0:01:10]} 21. Bd4 {[%emt 0:01:31]} Bc6 {[%emt 0:05:57]} 22. Qb3 {[%emt 0:00:52]} Qe8 {[%emt 0:00:44]} 23. Qd3 {[%emt 0:05:36]} Bb5 {[%emt 0:06:09]} 24. Qb1 {[%emt 0:00:21]} Be2 {[%emt 0:13:26]} 25. Re1 {[%emt 0:00:20]} Bb5 {[%emt 0:08:31]} 26. Ng5 {[%emt 0:06:56]} f5 {[%emt 0:03:02]} 27. Nf3 {[%emt 0:03:35]} Rc6 {[%emt 0:02:34]} 28. Bh3 {[%emt 0:04:03]} Qh5 {[%emt 0:00:41]} 29. Ne5 {[%emt 0:01:53]} Re6 {[%emt 0:00:51]} 30. Qc2 {[%emt 0:01:26]} Bd6 {[%emt 0:00:40]} 31. Nd3 {[%emt 0:00:25]} Rg6 {[%emt 0:00:26]} 32. Nf4 {[%emt 0:00:30]} Bxf4 {[%emt 0:00:31]} 33. exf4 {[%emt 0:00:01]} Qxh4 {[%emt 0:00:35]} 34. Bg2 {[%emt 0:00:46]} Qh5 {[%emt 0:00:32]} 35. Qd1 {[%emt 0:01:01]} Qxd1 {[%emt 0:00:31]} 36. Rexd1 {[%emt 0:00:13]} h5 {[%emt 0:00:30]} 37. Rc7 {[%emt 0:00:34]} h4 {[%emt 0:00:13]} 38. Bh3 {[%emt 0:00:45]} hxg3 {[%emt 0:00:17]} 39. fxg3 {[%emt 0:00:22]} Rxg3+ {[%emt 0:00:17]} 40. Kh2 {[%emt 0:00:05]} Rf8 {[%emt 0:01:10]} 41. Rg1 {[%emt 0:01:03]} Rxg1 {[%emt 0:00:10]} 42. Kxg1 {[%emt 0:00:06]} Rf7 {[%emt 0:00:09]} 43. Bxb6 {[%emt 0:00:54]} a4 {[%emt 0:01:09]} 44. Rxf7 {[%emt 0:00:25]} Kxf7 {[%emt 0:00:01]} 45. Bxf5 {[%emt 0:00:15]} Nd6 {[%emt 0:00:45]} 46. Bc2 {[%emt 0:00:35]} Ne4 {[%emt 0:00:37]} 47. Bd4 {[%emt 0:00:44]} g6 {[%emt 0:00:11]} 48. Kg2 {[%emt 0:00:21]} Ke6 {[%emt 0:00:26]} 49. Kf3 {[%emt 0:00:24]} g5 {[%emt 0:00:31]} 50. Kg4 {[%emt 0:00:45]} Be2+ {[%emt 0:00:55]} 51. Kh3 {[%emt 0:00:15]} gxf4 {[%emt 0:00:22]} 52. Kg2 {[%emt 0:00:37]} Bb5 {[%emt 0:00:42]} 53. Kf3 {[%emt 0:00:21]} Kf5 {[%emt 0:00:07]} 54. Bb6 {[%emt 0:00:23]} Be8 {[%emt 0:00:28]} 55. Kg2 {[%emt 0:00:51]} Kg5 {[%emt 0:00:52]} 56. b3 {[%emt 0:00:28]} axb3 {[%emt 0:00:38]} 57. Bxb3 Bc6 {[%emt 0:00:29]} 58. Bd4 {[%emt 0:00:42]} Nd6 {[%emt 0:00:15]} 59. Kf2 {[%emt 0:00:37]} Nf5 $11 {[%emt 0:00:44]} 60. Bb6 {[%emt 0:00:16]} Ng3 {[%emt 0:00:31]} 61. Bd8+ {[%emt 0:00:47]} Kf5 {[%emt 0:00:15]} 62. Bc2+ {[%emt 0:00:22]} Ne4+ {[%emt 0:00:23]} 63. Kg2 {[%emt 0:00:35]} Bb5 {[%emt 0:00:40]} 64. Kf3 {[%emt 0:00:44]} Be8 {[%emt 0:00:13]} 65. Bb6 {[%emt 0:00:30]} Bh5+ {[%emt 0:00:16]} 66. Kg2 {[%emt 0:00:06]} Be2 {[%emt 0:00:32]} 67. a4 {[%emt 0:00:33]} Kg4 {[%emt 0:00:30]} 68. a5 {[%emt 0:00:28]} f3+ {[%emt 0:01:06]} 69. Kg1 {[%emt 0:00:11]} Nd6 {[%emt 0:00:18]} 70. Bc5 {[%emt 0:00:46]} Nb7 {[%emt 0:00:48]} 71. Bb6 {[%emt 0:00:46]} Bc4 {[%emt 0:00:32]} 72. Kf2 {[%emt 0:00:25]} Nxa5 {[%emt 0:00:29]} 1/2-1/2

[Event "Lviv Tradition June 2018"]
[Site "Lviv"]
[Date "2018.06.16"]
[Round "8"]
[White "Shkuran, Danylo"]
[Black "Tanriverdi, Enes"]
[Result "1-0"]
[WhiteElo "2368"]
[BlackElo "2281"]
[Annotator "TA"]
[PlyCount "39"]
[EventDate "2018.??.??"]
[EventType "schev"]
[EventCountry "UKR"]
[SourceTitle "playchess.com"]
[Source "ChessBase"]
[SourceQuality "1"]

{[%evp 21,39,11,38,22,18,18,69,63,70,50,106,102,107,77,121,96,126,83,109,143]} 1. e4 c5 2. Nf3 e6 3. c3 d5 4. exd5 Qxd5 5. d4 Nf6 6. Be3 cxd4 7. cxd4 Nc6 8. Nc3 Qd6 9. a3 Be7 10. Bc4 O-O 11. O-O Nd5 {LiveBook: 4 Games. B22: Sicilian: 2 c3} 12. Rc1 $146 {[%cal Ba1c1,Bc1c3,Bc3d3][%mdl 32]} ({Predecessor:} 12. Qd2 Nxe3 13. Qxe3 Bd7 14. Rad1 Na5 15. Ba2 Qb6 16. b4 Nc6 17. d5 Qxe3 18. fxe3 exd5 19. Nxd5 {½-½ (50) Deslandes,P (2279)-Guliyev,N (2569) Plancoet 2013}) 12... Nxc3 13. Rxc3 h6 (13... Bf6 $11) 14. Qd2 Bf6 15. Rd3 Ne7 ({Better is} 15... Rd8 $14) 16. Bf4 $16 {White is better.} Qd8 {[#]} 17. Ne5 $1 g5 18. Bg3 Nf5 19. f4 b5 20. Bb3 ({Inferior is} 20. Bxb5 Bxe5 21. fxe5 Qd5 $15) 1-0

[Event "Lviv Tradition June 2018"]
[Site "Lviv"]
[Date "2018.06.16"]
[Round "9"]
[White "Dedebas, Emre Emin"]
[Black "Shkuran, Danylo"]
[Result "1/2-1/2"]
[WhiteElo "2336"]
[BlackElo "2368"]
[Annotator "NA"]
[PlyCount "62"]
[EventDate "2018.??.??"]
[EventType "schev"]
[EventCountry "UKR"]
[SourceTitle "playchess.com"]
[Source "ChessBase"]
[SourceQuality "1"]
[TimeControl "5400+30"]

1. d4 {[%emt 0:00:00]} d5 {[%emt 0:01:41]} 2. c4 {[%emt 0:00:00]} c6 {[%emt 0:00:10]} 3. cxd5 {[%emt 0:00:00]} cxd5 {[%emt 0:00:10]} 4. Bf4 {[%emt 0:00:00]} Nf6 {[%emt 0:00:50]} 5. Nc3 {[%emt 0:00:04]} Nc6 {[%emt 0:00:19]} 6. e3 {[%emt 0:00:06]} a6 {[%emt 0:00:58]} 7. Nf3 {[%emt 0:00:16]} Bg4 {[%emt 0:01:23]} 8. h3 {[%emt 0:00:16]} Bxf3 {[%emt 0:00:52]} 9. Qxf3 {[%emt 0:00:08]} e6 {[%emt 0:00:17]} 10. Bd3 {[%emt 0:00:07]} Bd6 {[%emt 0:00:56]} 11. Bxd6 {[%emt 0:00:15]} Qxd6 {[%emt 0:00:06]} 12. O-O {[%emt 0:00:08]} O-O {[%emt 0:00:15]} 13. Rfc1 {[%emt 0:00:14]} Rac8 {[%emt 0:02:12]} 14. Qd1 {[%emt 0:00:38]} Na5 {[%emt 0:00:54]} 15. Ne2 {[%emt 0:05:40]} Qd7 {[%emt 0:01:39]} 16. Rxc8 {[%emt 0:01:25]} Rxc8 {[%emt 0:00:07]} 17. Rc1 {[%emt 0:00:18]} Rxc1 {[%emt 0:02:07]} 18. Qxc1 {[%emt 0:00:13]} Qc6 {[%emt 0:00:29]} 19. Qxc6 {[%emt 0:00:32]} Nxc6 {[%emt 0:00:09]} 20. Kf1 {[%emt 0:00:12]} Kf8 {[%emt 0:00:18]} 21. Ke1 {[%emt 0:00:09]} Ke7 {[%emt 0:00:19]} 22. Kd2 {[%emt 0:00:42]} Kd6 {[%emt 0:00:39]} 23. f3 {[%emt 0:00:17]} g6 {[%emt 0:00:36]} 24. Kc3 {[%emt 0:03:02]} a5 {[%emt 0:01:22]} 25. Bb5 {[%emt 0:00:13]} b6 {[%emt 0:00:15]} 26. Bxc6 {[%emt 0:00:38]} Kxc6 {[%emt 0:00:04]} 27. Nf4 {[%emt 0:00:08]} Nd7 {[%emt 0:00:27]} 28. Nd3 {[%emt 0:00:06]} Kb5 {[%emt 0:00:29]} 29. b3 {[%emt 0:00:14]} Kc6 {[%emt 0:00:09]} 30. Kd2 {[%emt 0:00:48]} Kd6 {[%emt 0:00:07]} 31. Kc3 {[%emt 0:00:04]} Kc6 {[%emt 0:00:04]} 1/2-1/2

[Event "Lviv Tradition June 2018"]
[Site "Lviv"]
[Date "2018.06.16"]
[Round "9"]
[White "Ozenir, Ekin Baris"]
[Black "Mirzoev, Emil"]
[Result "1/2-1/2"]
[WhiteElo "2320"]
[BlackElo "2421"]
[Annotator "TA"]
[PlyCount "60"]
[EventDate "2018.??.??"]
[EventType "schev"]
[EventCountry "UKR"]
[SourceTitle "playchess.com"]
[Source "ChessBase"]
[SourceQuality "1"]

{[%evp 20,60,39,32,14,7,31,-4,-12,-11,-14,-21,-1,-1,-1,-1,-6,-7,0,0,0,0,0,0,0,0,0,0,0,0,0,0,0,0,0,-14,0,0,0,-8,-6,-19,0]} 1. d4 g6 2. e4 Bg7 3. Nf3 d6 4. c3 Nf6 5. Bd3 O-O 6. O-O c5 7. Nbd2 cxd4 8. cxd4 Nc6 {B07: Pirc-Ufimzew-Verteidigung} (8... e5 9. Re1 exd4 10. Nxd4 Ng4 11. N4f3 Nc6 12. Nc4 Be6 13. Bg5 Bf6 14. Bf4 Nge5 15. Ncxe5 Nxe5 16. Nd4 Bd7 17. Be2 Qb6 18. Qd2 Nd3 19. Bxd3 Bxd4 20. Be3 Be6 21. Bf1 Bxe3 22. Rxe3 Rac8 23. a3 {½-½ (24) Dubov,D (2701)-Grischuk,A (2767) Moscow 2018}) 9. Re1 Nd7 10. Nb3 a5 11. Be3 {LiveBook: 3 Partien} a4 12. Nbd2 e5 $146 {[%cal Re5d4]} (12... d5 $5) ({Vorgänger:} 12... Nb4 13. Bf1 d5 14. e5 a3 15. bxa3 Rxa3 {½-½ (67) Cosma,E (2326)-Rakic,M (2291) Warsaw 2013}) 13. dxe5 Ndxe5 {Die Stellung ist ausgeglichen.} 14. Nxe5 Nxe5 15. Be2 d5 16. exd5 $1 Qxd5 17. Nc4 Qxd1 18. Raxd1 {Droht Sb6 und aus.} Nxc4 19. Bxc4 {Und weiter mit Lc5 wäre nett.} Be6 20. Bxe6 fxe6 21. Bd4 Rad8 22. Bxg7 Kxg7 $11 {[%mdl 4096] Endspiel KTT-KTT} 23. f3 Kf6 24. Kf2 Rxd1 25. Rxd1 {KT-KT} Rc8 {zielt auf ...Tc2+ ab.} 26. Rd2 b5 27. a3 b4 28. axb4 Rc4 29. Ke3 Rxb4 30. Rc2 a3 {Precision: Weiß = 50%, Schwarz = 58%.} 1/2-1/2

[Event "Lviv Tradition June 2018"]
[Site "Lviv"]
[Date "2018.06.16"]
[Round "9"]
[White "Tanriverdi, Enes"]
[Black "Frolov, Artur"]
[Result "0-1"]
[WhiteElo "2281"]
[BlackElo "2406"]
[Annotator "NA"]
[PlyCount "120"]
[EventDate "2018.??.??"]
[EventType "schev"]
[EventCountry "UKR"]
[SourceTitle "playchess.com"]
[Source "ChessBase"]
[SourceQuality "1"]
[TimeControl "5400+30"]

1. d4 {[%emt 0:00:00]} Nf6 {[%emt 0:00:06]} 2. c4 {[%emt 0:00:10]} e6 {[%emt 0:01:16]} 3. Nf3 {[%emt 0:00:23]} b6 {[%emt 0:00:34]} 4. g3 {[%emt 0:00:26]} Ba6 {[%emt 0:00:18]} 5. b3 {[%emt 0:00:06]} Bb4+ {[%emt 0:01:04]} 6. Bd2 {[%emt 0:00:14]} Be7 {[%emt 0:00:05]} 7. Nc3 {[%emt 0:00:14]} Bb7 {[%emt 0:04:48]} 8. Bg2 {[%emt 0:00:22]} Ne4 {[%emt 0:01:10]} 9. O-O {[%emt 0:03:15]} Nxd2 {[%emt 0:00:36]} 10. Qxd2 {[%emt 0:00:14]} d6 {[%emt 0:05:16]} 11. e4 {[%emt 0:05:47]} Nd7 {[%emt 0:01:10]} 12. d5 {[%emt 0:09:12]} e5 {[%emt 0:00:35]} 13. Ne1 {[%emt 0:00:13]} h5 {[%emt 0:02:16]} 14. Nd3 {[%emt 0:04:24]} h4 {[%emt 0:00:21]} 15. Rae1 {[%emt 0:02:00]} Nc5 {[%emt 0:03:30]} 16. Nb4 {[%emt 0:06:06]} Qd7 {[%emt 0:02:09]} 17. f4 {[%emt 0:03:55]} hxg3 {[%emt 0:00:06]} 18. hxg3 {[%emt 0:00:06]} a5 {[%emt 0:25:21]} 19. Nc6 {[%emt 0:00:48]} Bxc6 {[%emt 0:00:06]} 20. dxc6 {[%emt 0:00:05]} Qxc6 {[%emt 0:00:01]} 21. Nb5 {[%emt 0:03:28]} Na6 {[%emt 0:01:34]} 22. Qd5 {[%emt 0:04:22]} Qc5+ {[%emt 0:01:48]} 23. Qxc5 {[%emt 0:03:23]} bxc5 {[%emt 0:00:17]} 24. fxe5 {[%emt 0:00:52]} dxe5 {[%emt 0:00:06]} 25. Rf5 {[%emt 0:02:23]} c6 {[%emt 0:02:06]} 26. Nc3 {[%emt 0:00:16]} f6 {[%emt 0:00:53]} 27. Rd1 {[%emt 0:00:59]} Nc7 {[%emt 0:00:51]} 28. Rf2 {[%emt 0:00:22]} Ne6 {[%emt 0:00:23]} 29. Bf1 {[%emt 0:00:44]} Nd4 {[%emt 0:00:32]} 30. Rd3 {[%emt 0:00:08]} O-O-O {[%emt 0:00:33]} 31. Rh2 {[%emt 0:00:24]} Rxh2 {[%emt 0:01:37]} 32. Kxh2 {[%emt 0:00:01]} Kc7 {[%emt 0:00:09]} 33. Kg2 {[%emt 0:03:16]} g6 {[%emt 0:00:49]} 34. g4 {[%emt 0:00:19]} Bf8 {[%emt 0:03:31]} 35. Na4 {[%emt 0:02:56]} Rd7 {[%emt 0:01:49]} 36. Rd1 {[%emt 0:06:15]} Rh7 {[%emt 0:00:26]} 37. Bd3 {[%emt 0:00:41]} Ne6 {[%emt 0:00:11]} 38. Bf1 {[%emt 0:01:29]} Bh6 {[%emt 0:00:55]} 39. Kf2 {[%emt 0:01:29]} Bg5 {[%emt 0:07:08]} 40. Bg2 {[%emt 0:01:17]} Nf4 {[%emt 0:03:15]} 41. Nxc5 {[%emt 0:01:34]} Rh2 {[%emt 0:01:45]} 42. Kf3 {[%emt 0:00:09]} Rxg2 {[%emt 0:01:44]} 43. Ne6+ {[%emt 0:00:06]} Nxe6 {[%emt 0:00:38]} 44. Kxg2 {[%emt 0:00:02]} Bf4 {[%emt 0:00:27]} 45. a3 {[%emt 0:04:54]} Nc5 {[%emt 0:00:37]} 46. b4 {[%emt 0:00:02]} axb4 {[%emt 0:00:30]} 47. axb4 {[%emt 0:00:01]} Nxe4 {[%emt 0:00:03]} 48. Ra1 {[%emt 0:00:18]} Bd2 {[%emt 0:04:49]} 49. b5 {[%emt 0:03:56]} cxb5 {[%emt 0:00:21]} 50. cxb5 {[%emt 0:00:03]} Kb6 {[%emt 0:00:39]} 51. Kf3 {[%emt 0:00:16]} Nc5 {[%emt 0:00:05]} 52. Ra8 {[%emt 0:00:54]} Kxb5 {[%emt 0:00:48]} 53. Rg8 {[%emt 0:01:31]} g5 {[%emt 0:00:23]} 54. Rf8 {[%emt 0:00:10]} Bc3 {[%emt 0:00:39]} 55. Ke3 {[%emt 0:00:43]} Bd4+ {[%emt 0:00:02]} 56. Ke2 {[%emt 0:00:09]} e4 {[%emt 0:00:01]} 57. Rb8+ {[%emt 0:00:11]} Kc4 {[%emt 0:00:03]} 58. Re8 {[%emt 0:00:12]} Kd5 {[%emt 0:00:31]} 59. Re7 {[%emt 0:00:23]} Ne6 {[%emt 0:00:05]} 60. Re8 {[%emt 0:00:19]} Nf4+ {[%emt 0:00:11]} 0-1

[Event "Lviv Tradition June 2018"]
[Site "Lviv"]
[Date "2018.06.16"]
[Round "9"]
[White "Akdogan, Alperen"]
[Black "Sabuk, Piotr"]
[Result "0-1"]
[WhiteElo "2260"]
[BlackElo "2369"]
[Annotator "TA"]
[PlyCount "170"]
[EventDate "2018.??.??"]
[EventType "schev"]
[EventCountry "UKR"]
[SourceTitle "playchess.com"]
[Source "ChessBase"]
[SourceQuality "1"]

{[%evp 12,170,23,12,26,12,19,-6,-20,-18,23,1,34,50,26,33,36,36,47,34,88,48,31,56,53,10,30,26,16,40,15,-73,-55,-94,-77,-71,-87,-79,10,8,8,8,9,-9,-22,-45,-34,-43,-27,-41,-5,-81,-73,-96,-70,-87,-68,-56,-45,-46,-28,-28,-28,-28,-28,-28,0,-28,-28,-28,-28,-28,-28,-28,-9,-5,0,-28,-28,-28,-28,-28,-20,-28,-16,-28,-28,-28,0,-10,0,0,0,-20,-10,-14,0,0,0,0,0,0,0,-12,0,0,0,-8,0,-92,-99,-95,-97,-93,-94,-96,-43,-455,-331,-793,-817,-560,-711,-776,-541,-553,-529,-1081,-1064,-1327,-991,-1141,-1062,-1086,-900,-870,-818,-1524,-1481,-1405,-1028,-1316,-1077,-1217,-1065,-968,-440,-1510,-1416,-2875,-3168,-29973,-29975,-29981,-29982,-29984,-29985,-29985,-29986,-29987,-29987]} 1. d4 d5 2. Nf3 Nf6 3. c4 e6 4. g3 Be7 5. Bg2 O-O 6. O-O dxc4 7. Qc2 c6 {E05: Open Catalan: 5 Nf3 Be7} 8. a4 b6 9. Qxc4 $146 ({Predecessor:} 9. Nbd2 Bb7 10. Nxc4 c5 11. Rd1 Nbd7 12. b3 Rc8 13. dxc5 Bxc5 14. Nfe5 Bxg2 15. Kxg2 {½-½ (30) Mamedyarov,S (2809)-Karjakin,S (2763) Berlin 2018}) 9... Ba6 {The position is equal.} 10. Qc2 Nbd7 11. Nc3 Rc8 12. Rd1 Nd5 13. e4 Nb4 14. Qb1 $1 Re8 15. Be3 c5 ({Better is} 15... Bd6 $14) 16. Rd2 cxd4 17. Nxd4 Bc5 18. Qd1 {aiming for Nxe6!} Qf6 19. Nf3 Bxe3 20. Rxd7 Bc5 21. Qd2 (21. e5 $11 Qg6 22. Nb5) 21... Red8 $17 22. Ne5 Rxd7 23. Nxd7 Qd4 24. Rd1 Nd3 (24... Qxd2 $17 25. Rxd2 Be7) 25. Nxc5 $11 bxc5 26. Bf1 {[%cal Rf1d3]} Rd8 27. Bxd3 Bxd3 28. Qe1 a6 29. Qd2 h6 30. Qf4 c4 31. Qd2 (31. Qc7 $11) 31... Rb8 $17 32. Qc1 Rb3 33. Rd2 Qf6 34. Qd1 Rb4 35. Kg2 g6 36. f3 h5 37. Qg1 Qg5 38. Qf2 Kh7 39. Rd1 (39. h4 $5 {[%cal Rh4g5]} Qd8 40. Qa7 $15) 39... Qe5 40. Rd2 Qb8 41. Kg1 Kg8 42. Kg2 Kf8 43. Qc5+ Kg8 44. Qf2 Qe5 45. Kg1 Rb3 46. Kg2 Qc7 47. Qd4 Qb8 48. Qf2 Rb4 49. Kg1 f6 50. Kg2 Kf7 51. Kg1 Qc7 52. Qe3 g5 53. Qd4 Qb6 (53... Rb7 {seems wilder.} 54. Qf2 Rb8 55. Qe3 Rb3 56. Rf2 Kg6) 54. Qxb6 Rxb6 $11 {[%mdl 4096] Endgame KRB-KRN} 55. Kf2 Ke7 56. Ke3 Rb8 57. Nd1 Rb3 58. Nc3 Kd6 59. h4 Kc5 60. e5 (60. g4 $11 {keeps the balance.} hxg4 61. hxg5 fxg5 62. fxg4) 60... gxh4 $17 ({Of course not} 60... fxe5 $6 61. hxg5 Bf5 62. a5 $11) 61. exf6 hxg3 62. Kf4 h4 63. Kg4 Kd4 ({Black should try} 63... Bf1 $17 {Strongly threatening ...g2.} 64. Ne2 g2) 64. Nb5+ $2 {[%mdl 8192] [#]} (64. Kxh4 $15 Rb8 65. Rg2 (65. Kxg3 Ke3 $15)) 64... Ke3 $1 $19 {[%cal Re3d2]} (64... axb5 65. f7 $16) 65. f7 $2 (65. Rg2 Rb4 66. Kg5) 65... Kxd2 66. f8=Q axb5 67. Kxh4 bxa4 68. Kxg3 Rxb2 {KQ-KRB} 69. Qa3 c3 70. f4 Bc2 71. Kf3 Rb1 72. Qa2 Rf1+ 73. Kg3 Re1 74. Kf2 Re2+ 75. Kf3 Re3+ 76. Kf2 Re4 77. Kf3 Rd4 78. Kg3 Rd5 (78... Kd3 $142 {Threatens to win with ...Bb3.} 79. Qa1 Bb3) 79. Kf2 (79. Kf3 $142) 79... Kd3 80. Qa1 Kc4 81. Qa2+ Bb3 {Black mates.} 82. Qe2+ Kb4 83. Qe4+ Ka3 84. Qe3 Kb2 85. Kf3 a3 {Precision: White = 37%, Black = 46%.} 0-1

[Event "Lviv Tradition June 2018"]
[Site "Lviv"]
[Date "2018.06.16"]
[Round "9.5"]
[White "Can, Isik"]
[Black "Anwesh, Upadhyaya"]
[Result "1/2-1/2"]
[WhiteElo "2396"]
[BlackElo "2375"]
[Annotator "NA"]
[PlyCount "61"]
[EventDate "2018.??.??"]
[EventType "schev"]
[EventCountry "UKR"]
[SourceTitle "playchess.com"]
[Source "ChessBase"]
[SourceQuality "1"]
[TimeControl "5400+30"]

1. e4 e5 2. Nf3 Nf6 3. Nxe5 d6 4. Nf3 Nxe4 5. d4 d5 6. Bd3 Be7 7. O-O Nc6 8. Nc3 Nxc3 9. bxc3 O-O 10. Re1 Be6 11. Bf4 Qd7 12. Rb1 Rab8 13. Ne5 Nxe5 14. Bxe5 Bg4 15. Qd2 f6 16. Bf4 Bd6 17. c4 dxc4 18. Bxc4+ Kh8 19. Bxd6 Qxd6 20. c3 b6 21. Re3 Rbe8 22. Rbe1 Bd7 23. Rxe8 Rxe8 24. Rxe8+ Bxe8 25. Qe3 Bd7 26. Qe4 Bc6 27. Qe3 Bd7 28. Qe4 Bc6 29. Qe3 Bd7 30. Qe4 Bc6 31. Qe3 $11 1/2-1/2